[Event "chess.com SpeedChess 2022"]
[Site "chess.com INT"]
[Date "2022.12.06"]
[Round "1.23"]
[White "Gukesh, D"]
[Black "Carlsen, Magnus"]
[Result "0-1"]
[WhiteTitle "GM"]
[BlackTitle "GM"]
[WhiteElo "2725"]
[BlackElo "2859"]
[WhiteFideId "46616543"]
[BlackFideId "1503014"]
[EventDate "2022.11.23"]
[EventType "k.o."]

1. d4 d5 2. Nf3 Nf6 3. Bf4 c5 4. e3 cxd4 5. exd4 Nc6 6. Nbd2 Bg4 7. c3 e6 8. Qb3
Qc8 9. h3 Bh5 10. g4 Bg6 11. Ne5 Be7 12. Nxg6 hxg6 13. Bg2 a6 14. a4 O-O 15. O-O
Na5 16. Qd1 b5 17. Qe2 Nc4 18. Nf3 Qb7 19. b3 Nd6 20. Ne5 bxa4 21. bxa4 Qc8 22.
Rfc1 Ra7 23. c4 Nxc4 24. Nxc4 dxc4 25. Rxc4 Qd8 26. a5 Nd5 27. Bg3 Qd7 28. Rb1
Rb7 29. Rxb7 Qxb7 30. Rc1 Bf6 31. Qc4 Rd8 32. Kh2 g5 33. Be4 Qb2 34. Rc2 Qxd4
35. Bxd5 Rxd5 36. Qxa6 Qa4 37. Rc8+ Kh7 38. Qa8 Be5 39. Bxe5 Rxe5 40. Rh8+ Kg6
41. a6 Rd5 42. Qb8 Qxa6 43. h4 Qe2 44. Qg3 Rd4 45. h5+ Kf6 46. h6 Rxg4 47. hxg7
Rxg3 0-1

[Event "chess.com SpeedChess 2022"]
[Site "chess.com INT"]
[Date "2022.12.06"]
[Round "1.24"]
[White "Carlsen, Magnus"]
[Black "Gukesh, D"]
[Result "1-0"]
[WhiteTitle "GM"]
[BlackTitle "GM"]
[WhiteElo "2859"]
[BlackElo "2725"]
[WhiteFideId "1503014"]
[BlackFideId "46616543"]
[EventDate "2022.11.23"]
[EventType "k.o."]

1. d4 Nf6 2. c4 e6 3. Nc3 Bb4 4. Nf3 d5 5. e3 O-O 6. a3 Bxc3+ 7. bxc3 c5 8. Qc2
Nc6 9. Bb2 b6 10. cxd5 exd5 11. c4 Bg4 12. cxd5 Qxd5 13. Bc4 Qh5 14. Ne5 Rac8
15. Nxg4 Qxg4 16. d5 Na5 17. Be2 Qg6 18. Bd3 Qh6 19. Bf5 Rcd8 20. e4 Nb7 21. f3
Nd6 22. Bh3 Nh5 23. g3 f5 24. e5 Nb5 25. Rd1 Rfe8 26. Kf2 Nd4 27. Bxd4 cxd4 28.
Rde1 Rc8 29. Qxf5 Rc3 30. Rhf1 d3 31. Kg2 d2 32. Rd1 Re3 33. d6 R3xe5 34. d7
Re2+ 35. Kh1 Rd8 36. Qd5+ Kh8 37. Qf5 Nf6 38. f4 1-0

[Event "chess.com SpeedChess 2022"]
[Site "chess.com INT"]
[Date "2022.12.06"]
[Round "1.25"]
[White "Gukesh, D"]
[Black "Carlsen, Magnus"]
[Result "0-1"]
[WhiteTitle "GM"]
[BlackTitle "GM"]
[WhiteElo "2725"]
[BlackElo "2859"]
[WhiteFideId "46616543"]
[BlackFideId "1503014"]
[EventDate "2022.11.23"]
[EventType "k.o."]

1. e4 e5 2. Nf3 Nc6 3. Bc4 Nf6 4. d3 Be7 5. O-O O-O 6. Nc3 d6 7. a3 a6 8. Nd5
Nxd5 9. Bxd5 Bf6 10. b4 Ne7 11. Bb3 Ng6 12. Be3 c6 13. a4 d5 14. a5 d4 15. Bd2
h6 16. h3 Qd6 17. Kh2 Kh7 18. g3 Be7 19. Kg2 f5 20. exf5 Bxf5 21. Qe2 Qd7 22.
Rh1 Rae8 23. Rae1 Bd8 24. g4 Bxg4 25. hxg4 Qxg4+ 26. Kf1 Rxf3 27. Qe4 Rxf2+ 0-1

[Event "chess.com SpeedChess 2022"]
[Site "chess.com INT"]
[Date "2022.12.06"]
[Round "1.26"]
[White "Carlsen, Magnus"]
[Black "Gukesh, D"]
[Result "1-0"]
[WhiteTitle "GM"]
[BlackTitle "GM"]
[WhiteElo "2859"]
[BlackElo "2725"]
[WhiteFideId "1503014"]
[BlackFideId "46616543"]
[EventDate "2022.11.23"]
[EventType "k.o."]

1. g3 Nf6 2. Bg2 d5 3. Nf3 g6 4. b3 Bg7 5. Bb2 O-O 6. c4 c6 7. O-O a5 8. d3 Bg4
9. Nbd2 Nbd7 10. a3 Re8 11. h3 Bxf3 12. Nxf3 e5 13. cxd5 Nxd5 14. Qc2 Qe7 15. e3
Rac8 16. Nd2 b5 17. Rac1 N7b6 18. Ne4 f5 19. Nc5 Qd6 20. e4 Ne7 21. h4 Rf8 22.
Rfe1 f4 23. Bh3 Rce8 24. Ne6 Rf7 25. Nxg7 1-0

[Event "chess.com SpeedChess 2022"]
[Site "chess.com INT"]
[Date "2022.12.06"]
[Round "1.27"]
[White "Gukesh, D"]
[Black "Carlsen, Magnus"]
[Result "0-1"]
[WhiteTitle "GM"]
[BlackTitle "GM"]
[WhiteElo "2725"]
[BlackElo "2859"]
[WhiteFideId "46616543"]
[BlackFideId "1503014"]
[EventDate "2022.11.23"]
[EventType "k.o."]

1. Nf3 Nf6 2. c4 b6 3. g3 Bb7 4. Bg2 c5 5. O-O g6 6. d4 cxd4 7. Qxd4 Bg7 8. Nc3
d6 9. Rd1 Nbd7 10. b3 Rc8 11. Bb2 O-O 12. Rac1 Rc5 13. Qe3 Re8 14. h3 Qa8 15.
Ne1 Rh5 16. g4 Re5 17. Qg3 Bxg2 18. Qxg2 h5 19. Nd3 Ra5 20. b4 Qxg2+ 21. Kxg2
Ra6 22. g5 Nh7 23. h4 Bxc3 24. Bxc3 Rxa2 25. Ra1 Rxa1 26. Rxa1 Ra8 27. Bd4 a5
28. f4 Nhf8 29. Kf3 Ne6 30. Bf2 Nc7 31. bxa5 bxa5 32. e4 a4 33. c5 dxc5 34. Nxc5
Nxc5 35. Bxc5 Kf8 36. f5 Ke8 37. Ke3 Nb5 38. Rb1 Nd6 39. f6 a3 40. Ra1 a2 41.
Kd4 Ra4+ 42. Kd3 Nxe4 43. Bxe7 Kd7 44. Kc2 Ng3 45. Kb2 Nf5 46. Rd1+ Rd4 47. Rc1
Rd2+ 48. Ka1 Nxh4 0-1

[Event "chess.com SpeedChess 2022"]
[Site "chess.com INT"]
[Date "2022.12.06"]
[Round "1.28"]
[White "Carlsen, Magnus"]
[Black "Gukesh, D"]
[Result "1-0"]
[WhiteTitle "GM"]
[BlackTitle "GM"]
[WhiteElo "2859"]
[BlackElo "2725"]
[WhiteFideId "1503014"]
[BlackFideId "46616543"]
[EventDate "2022.11.23"]
[EventType "k.o."]

1. Nf3 d5 2. g3 Bg4 3. c4 Bxf3 4. exf3 c6 5. Qb3 Qd7 6. d4 Nf6 7. Nc3 e6 8. h4
Be7 9. Be3 O-O 10. Rd1 dxc4 11. Bxc4 b5 12. Bd3 a5 13. O-O a4 14. Qc2 Na6 15. a3
Nc7 16. Ne4 g6 17. Bf4 Ncd5 18. Be5 Rfc8 19. Kg2 Ne8 20. Nc5 Bxc5 21. dxc5 f6
22. Bc3 Ng7 23. Be4 Qf7 24. f4 Nf5 25. Rfe1 Re8 26. h5 Kg7 27. hxg6 hxg6 28.
Bxd5 exd5 29. g4 d4 30. gxf5 dxc3 31. Qxc3 Rxe1 32. Rxe1 Qd5+ 33. Qf3 Qxf3+ 34.
Kxf3 Rd8 35. Re7+ Kh6 36. Re6 Kg7 37. Rxc6 Rd2 38. Rc7+ Kh6 39. Rc8 Rxb2 40. c6
Rc2 41. c7 Kg7 42. fxg6 b4 43. axb4 a3 44. Ra8 Rxc7 45. Rxa3 Kxg6 46. b5 1-0

[Event "chess.com SpeedChess 2022"]
[Site "chess.com INT"]
[Date "2022.12.06"]
[Round "1.29"]
[White "Gukesh, D"]
[Black "Carlsen, Magnus"]
[Result "0-1"]
[WhiteTitle "GM"]
[BlackTitle "GM"]
[WhiteElo "2725"]
[BlackElo "2859"]
[WhiteFideId "46616543"]
[BlackFideId "1503014"]
[EventDate "2022.11.23"]
[EventType "k.o."]

1. d4 Nf6 2. c4 e6 3. Nf3 d5 4. Nc3 h6 5. g3 Bd6 6. a3 O-O 7. g4 Ne4 8. Qc2 f5
9. gxf5 exf5 10. cxd5 Nd7 11. Rg1 Ndf6 12. Nxe4 fxe4 13. Ne5 Kh7 14. Bd2 Bf5 15.
O-O-O Bxe5 16. dxe5 Nxd5 17. e3 Qe7 18. Bc4 Rfd8 19. f3 Nb6 20. Bb3 c5 21. e6 c4
22. Ba2 Qxe6 23. Bc3 Rxd1+ 24. Qxd1 Rg8 25. Qd4 g5 26. Bb1 exf3 27. e4 Bg6 28.
h4 Qd7 29. hxg5 Qxd4 30. Bxd4 h5 31. Kd2 Re8 32. Ke3 Rf8 33. Rf1 Nd7 34. Rxf3
Rxf3+ 35. Kxf3 a6 36. Kf4 Kg8 37. Bc2 b5 38. Bd1 Kf7 39. Bf3 Ke7 40. Bg2 Nf8 41.
Bc5+ Kf7 42. Ke5 Nd7+ 43. Kd4 Nxc5 44. Kxc5 Ke6 45. Kd4 h4 46. Bh3+ Ke7 47. Ke3
a5 48. Kd4 Bf7 49. Kc5 Be6 50. Bf1 Bd7 51. e5 b4 52. axb4 c3 53. bxc3 a4 54. g6
a3 55. Bc4 h3 56. g7 h2 57. g8=Q h1=Q 58. Qf7+ Kd8 59. Kd6 Qc6# 0-1

[Event "chess.com SpeedChess 2022"]
[Site "chess.com INT"]
[Date "2022.12.06"]
[Round "1.210"]
[White "Carlsen, Magnus"]
[Black "Gukesh, D"]
[Result "0-1"]
[WhiteTitle "GM"]
[BlackTitle "GM"]
[WhiteElo "2859"]
[BlackElo "2725"]
[WhiteFideId "1503014"]
[BlackFideId "46616543"]
[EventDate "2022.11.23"]
[EventType "k.o."]

1. d4 Nf6 2. Nf3 d5 3. Bg5 e6 4. e3 c5 5. Nbd2 Nc6 6. c3 Be7 7. Bd3 b6 8. Ne5
Nxe5 9. dxe5 Nd7 10. Bf4 Bb7 11. h4 h5 12. Nf3 a6 13. a4 Qc7 14. Rh3 g6 15. Kf1
Bf8 16. b4 Bg7 17. Rb1 Bc6 18. a5 bxa5 19. bxc5 Nxc5 20. Nd4 Bd7 21. Bc2 Bxe5
22. Rf3 Bxf4 23. exf4 a4 24. Ra1 Rb8 25. Kg1 Qd6 26. Qe2 Kd8 27. c4 Rb4 28. Rd1
Rxc4 29. Bb1 Kc7 30. Ba2 Rb4 31. Rc3 Kb6 32. Qe3 Rc8 33. Rdc1 Kb7 34. Nf3 d4 35.
Nxd4 Qxd4 36. Qe1 Nd3 37. Rxd3 Rxc1 0-1

[Event "chess.com SpeedChess 2022"]
[Site "chess.com INT"]
[Date "2022.12.06"]
[Round "1.31"]
[White "Gukesh, D"]
[Black "Carlsen, Magnus"]
[Result "1-0"]
[WhiteTitle "GM"]
[BlackTitle "GM"]
[WhiteElo "2725"]
[BlackElo "2859"]
[WhiteFideId "46616543"]
[BlackFideId "1503014"]
[EventDate "2022.11.23"]
[EventType "k.o."]

1. d4 g6 2. e4 d6 3. Nc3 c6 4. Be3 Nf6 5. Qd2 Nbd7 6. h4 b5 7. f3 Nb6 8. Bd3 a5
9. Nh3 Bxh3 10. Rxh3 h5 11. O-O-O Bg7 12. Kb1 Nfd7 13. f4 Nf6 14. f5 gxf5 15. e5
dxe5 16. dxe5 Ng4 17. Bxb6 Qxb6 18. Bxf5 Nxe5 19. Rg3 Bh6 20. Qxh6 Rf8 21. Ne4
Rd8 22. Rxd8+ Qxd8 23. a3 Qd1+ 24. Qc1 Qd5 25. Qd2 Nc4 26. Qxd5 cxd5 27. Nc3 e6
28. Bd3 Ne5 29. Bxb5+ Ke7 30. Rg5 f6 31. Rxh5 Rg8 32. Rh7+ Kd6 33. Ra7 Rxg2 34.
Ra6+ Ke7 35. Rxa5 f5 36. Ra7+ Kf6 37. a4 d4 38. Ne2 d3 39. cxd3 Rxe2 40. d4 Re1+
41. Ka2 Nf3 42. d5 exd5 43. a5 Nd4 44. Ba4 f4 45. a6 Re6 46. Ra8 Kg7 47. a7 Ra6
48. Ka3 f3 49. h5 Ne6 50. h6+ Kxh6 51. Rh8+ Kg7 52. a8=Q Rxa8 53. Rxa8 Kf6 54.
Bb5 Ke5 55. Re8 Kd6 56. Rxe6+ Kxe6 57. Kb3 Ke5 58. Kc2 Ke4 59. Kd2 Kd4 60. Bd3
Kc5 61. Ke3 Kb4 62. Bc2 d4+ 63. Kxf3 d3 64. Bd1 Kc4 65. Ke3 1-0

[Event "chess.com SpeedChess 2022"]
[Site "chess.com INT"]
[Date "2022.12.06"]
[Round "1.33"]
[White "Gukesh, D"]
[Black "Carlsen, Magnus"]
[Result "0-1"]
[WhiteTitle "GM"]
[BlackTitle "GM"]
[WhiteElo "2725"]
[BlackElo "2859"]
[WhiteFideId "46616543"]
[BlackFideId "1503014"]
[EventDate "2022.11.23"]
[EventType "k.o."]

1. d4 d5 2. Nf3 Nf6 3. c4 dxc4 4. e3 e6 5. Bxc4 a6 6. O-O c5 7. Nc3 b5 8. Bd3
Bb7 9. Qe2 Nc6 10. Rd1 Qc7 11. Bd2 Be7 12. Rac1 c4 13. Bb1 Rd8 14. b3 b4 15. Ne4
c3 16. Be1 Nxe4 17. Bxe4 O-O 18. a3 a5 19. Qb5 f5 20. Bd3 Na7 21. Qe5 Qxe5 22.
Nxe5 Bd5 23. Bc4 Bd6 24. Bxd5 exd5 25. axb4 axb4 26. Ra1 Bxe5 27. Rxa7 Bd6 28.
Kf1 Ra8 29. Rda1 Rxa7 30. Rxa7 Rc8 31. Rd7 c2 0-1

[Event "chess.com SpeedChess 2022"]
[Site "chess.com INT"]
[Date "2022.12.06"]
[Round "1.34"]
[White "Carlsen, Magnus"]
[Black "Gukesh, D"]
[Result "1-0"]
[WhiteTitle "GM"]
[BlackTitle "GM"]
[WhiteElo "2859"]
[BlackElo "2725"]
[WhiteFideId "1503014"]
[BlackFideId "46616543"]
[EventDate "2022.11.23"]
[EventType "k.o."]

1. Nf3 d5 2. g3 Nc6 3. Bg2 e5 4. d3 Nf6 5. O-O Be7 6. a3 a5 7. b3 h5 8. Bb2 Bd6
9. e4 dxe4 10. dxe4 Bg4 11. h3 Bxf3 12. Qxf3 h4 13. g4 Nd7 14. Nc3 Nd4 15. Qd1
Ne6 16. Nd5 c6 17. Ne3 Qc7 18. Nf5 Bc5 19. b4 Bf8 20. c4 g6 21. c5 gxf5 22. exf5
Nf4 23. Re1 O-O-O 24. Qf3 Bg7 25. Qb3 Nf8 26. bxa5 Rd3 27. Qc4 Nh7 28. a6 Ng5
29. a7 Kd7 30. Rad1 Rxd1 31. Rxd1+ Ke7 32. Re1 Nfxh3+ 33. Kf1 Ra8 34. Re3 Nxf2
35. Kxf2 Kf8 36. Qd3 Rxa7 37. Qd6+ Qxd6 38. cxd6 b5 39. Bxc6 b4 40. d7 Ke7 41.
Bxe5 Rxa3 42. Bf6+ 1-0

[Event "chess.com SpeedChess 2022"]
[Site "chess.com INT"]
[Date "2022.12.06"]
[Round "1.36"]
[White "Carlsen, Magnus"]
[Black "Gukesh, D"]
[Result "1-0"]
[WhiteTitle "GM"]
[BlackTitle "GM"]
[WhiteElo "2859"]
[BlackElo "2725"]
[WhiteFideId "1503014"]
[BlackFideId "46616543"]
[EventDate "2022.11.23"]
[EventType "k.o."]

1. e4 c5 2. Nf3 Nc6 3. Bb5 e5 4. O-O Bd6 5. c3 a6 6. Ba4 b5 7. Bc2 Nge7 8. a4 b4
9. d4 cxd4 10. cxd4 Nxd4 11. Nxd4 exd4 12. Nd2 Bb7 13. Nf3 Qc7 14. Re1 O-O 15.
Bb3 Ng6 16. Bg5 Rae8 17. Rc1 Qb6 18. Qxd4 Qxd4 19. Nxd4 Bxe4 20. f3 Bb7 21. Nf5
Be5 22. Be7 Nxe7 23. Rxe5 Nxf5 24. Rxf5 Bc6 25. a5 Re2 26. Rc2 Rxc2 27. Bxc2 g6
28. Rf4 Rb8 29. Bb3 d5 30. Rf6 Rc8 31. Kf2 Kf8 32. g4 Ke7 33. g5 Bd7 34. Rxa6
Be6 35. Rb6 d4 36. Bxe6 fxe6 37. Rxb4 e5 38. a6 Ke6 39. a7 Ra8 40. Rb7 1-0

[Event "chess.com SpeedChess 2022"]
[Site "chess.com INT"]
[Date "2022.12.06"]
[Round "1.37"]
[White "Gukesh, D"]
[Black "Carlsen, Magnus"]
[Result "1-0"]
[WhiteTitle "GM"]
[BlackTitle "GM"]
[WhiteElo "2725"]
[BlackElo "2859"]
[WhiteFideId "46616543"]
[BlackFideId "1503014"]
[EventDate "2022.11.23"]
[EventType "k.o."]

1. c4 g6 2. d4 Bg7 3. Nc3 c5 4. d5 d6 5. e4 Bxc3+ 6. bxc3 e5 7. h4 Nd7 8. h5 h6
9. hxg6 fxg6 10. f4 exf4 11. Bxf4 Qe7 12. Bd3 g5 13. Bg3 Ngf6 14. Nf3 Ng4 15.
Nd4 1-0

[Event "chess.com SpeedChess 2022"]
[Site "chess.com INT"]
[Date "2022.12.06"]
[Round "1.38"]
[White "Carlsen, Magnus"]
[Black "Gukesh, D"]
[Result "0-1"]
[WhiteTitle "GM"]
[BlackTitle "GM"]
[WhiteElo "2859"]
[BlackElo "2725"]
[WhiteFideId "1503014"]
[BlackFideId "46616543"]
[EventDate "2022.11.23"]
[EventType "k.o."]

1. b3 e5 2. Bb2 Nc6 3. c4 d5 4. cxd5 Qxd5 5. Nc3 Qe6 6. g3 Bd7 7. Bg2 O-O-O 8.
Nf3 f5 9. O-O e4 10. Ne1 Nf6 11. d3 h5 12. h4 Bc5 13. e3 Rhg8 14. d4 Be8 15. Qe2
Bb6 16. Qc4 Qd7 17. b4 Bf7 18. Qb5 g5 19. d5 Nxd5 20. Nxd5 Bxd5 21. Bf6 gxh4 22.
Bxd8 Qxd8 23. Rd1 Ne7 24. Bh3 hxg3 25. Ng2 gxf2+ 26. Rxf2 Bxe3 27. Bxf5+ Kb8 28.
Bh3 Bxf2+ 29. Kxf2 Qf8+ 30. Kg1 Qf3 31. Rxd5 c6 32. Rd8+ Rxd8 33. Qe5+ Ka8 34.
Qxe7 Qd1+ 35. Kf2 Qd2+ 36. Kg3 Qd6+ 37. Qxd6 Rxd6 38. Kf4 Rd4 39. a3 Rd3 40. Be6
Rxa3 41. Ne3 h4 42. Kxe4 Ra4 43. Nc2 a5 44. Kf4 axb4 45. Bb3 Ra5 46. Kg4 Rc5 47.
Kxh4 Rc3 48. Na1 c5 49. Kg4 c4 0-1

[Event "chess.com SpeedChess 2022"]
[Site "chess.com INT"]
[Date "2022.12.06"]
[Round "1.39"]
[White "Gukesh, D"]
[Black "Carlsen, Magnus"]
[Result "1-0"]
[WhiteTitle "GM"]
[BlackTitle "GM"]
[WhiteElo "2725"]
[BlackElo "2859"]
[WhiteFideId "46616543"]
[BlackFideId "1503014"]
[EventDate "2022.11.23"]
[EventType "k.o."]

1. c4 c5 2. g3 g6 3. Bg2 Bg7 4. Nc3 Nc6 5. Nf3 d6 6. O-O e6 7. e3 Nge7 8. d4 O-O
9. b3 cxd4 10. Nxd4 Nf5 11. Nde2 d5 12. cxd5 exd5 13. Bxd5 Qa5 14. Bb2 Rd8 15.
e4 Nfe7 16. Qc1 Ne5 17. Rd1 Bg4 18. Qf4 Nxd5 19. Rxd5 Rxd5 20. Nxd5 Nf3+ 21. Kg2
Bxb2 22. Rb1 Qxa2 23. Rxb2 Qxb2 24. Nf6+ Kg7 25. Nxg4 Ne1+ 26. Kf1 Nd3 27. Qe3
h5 28. Qh6+ Kg8 29. Ne3 Qb1+ 30. Kg2 Qe1 31. Nd5 Qxf2+ 32. Kh3 Qf1+ 33. Kh4 Ne5
34. Ne7# 1-0

[Event "chess.com SpeedChess 2022"]
[Site "chess.com INT"]
[Date "2022.12.06"]
[Round "1.311"]
[White "Gukesh, D"]
[Black "Carlsen, Magnus"]
[Result "0-1"]
[WhiteTitle "GM"]
[BlackTitle "GM"]
[WhiteElo "2725"]
[BlackElo "2859"]
[WhiteFideId "46616543"]
[BlackFideId "1503014"]
[EventDate "2022.11.23"]
[EventType "k.o."]

1. e4 g6 2. d4 Nf6 3. Nc3 d5 4. e5 Ne4 5. Nce2 f6 6. h4 fxe5 7. f3 Nd6 8. dxe5
Nf7 9. f4 Nc6 10. h5 g5 11. Nf3 g4 12. Nfd4 Nxd4 13. Nxd4 Nh6 14. Bd3 c5 15.
Bb5+ Kf7 16. Nb3 Bf5 17. O-O e6 18. Be2 Qh4 0-1

[Event "chess.com SpeedChess 2022"]
[Site "chess.com INT"]
[Date "2022.12.07"]
[Round "1.11"]
[White "Nihal, Sarin"]
[Black "Giri, Anish"]
[Result "0-1"]
[WhiteTitle "GM"]
[BlackTitle "GM"]
[WhiteElo "2670"]
[BlackElo "2764"]
[WhiteFideId "25092340"]
[BlackFideId "24116068"]
[EventDate "2022.11.23"]
[EventType "k.o."]

1. d4 Nf6 2. Bg5 d5 3. e3 c5 4. c3 cxd4 5. exd4 Nc6 6. Nd2 h6 7. Bh4 Bf5 8. Ngf3
e6 9. Qb3 a6 10. Ne5 Be7 11. Nxc6 bxc6 12. Qa4 O-O 13. Qxc6 Ne4 14. Bxe7 Qxe7
15. Nxe4 Bxe4 16. f3 Bg6 17. Bxa6 Qa7 18. Bb5 Rfc8 19. Qd6 Rab8 20. Qa6 Qc7 21.
Qa4 Qb6 22. Bd7 Rc7 23. O-O Ra7 24. Qc6 Qxc6 25. Bxc6 Rb6 26. Be8 Kf8 27. Bxf7
Kxf7 28. b3 Rc6 29. Rfc1 Rac7 30. a4 Bd3 31. b4 Rxc3 32. Rxc3 Rxc3 33. b5 Rb3
34. Rc1 Bc4 35. Ra1 Ke7 36. h4 Kd6 37. h5 e5 38. dxe5+ Kxe5 39. Re1+ Kf6 40. Kh2
Rb4 41. Ra1 Kg5 42. Kg3 Kxh5 43. Kf4 Bxb5+ 44. Ke5 Rxa4 45. Rh1+ Kg6 46. Kxd5
Be8 47. Ke5 Bf7 48. Rc1 Ra5+ 49. Kf4 Ra6 50. Rc7 Rf6+ 51. Ke3 Re6+ 52. Kf4 Kf6
53. g4 g5+ 54. Kg3 Kg6 55. Rc3 Rf6 56. Ra3 Bd5 57. Rd3 Bc6 58. Rc3 Kf7 59. Re3
Bd5 60. Kg2 Rxf3 61. Rxf3+ Ke6 62. Kf2 Bxf3 63. Kxf3 Kd5 0-1

[Event "chess.com SpeedChess 2022"]
[Site "chess.com INT"]
[Date "2022.12.07"]
[Round "1.12"]
[White "Giri, Anish"]
[Black "Nihal, Sarin"]
[Result "1-0"]
[WhiteTitle "GM"]
[BlackTitle "GM"]
[WhiteElo "2764"]
[BlackElo "2670"]
[WhiteFideId "24116068"]
[BlackFideId "25092340"]
[EventDate "2022.11.23"]
[EventType "k.o."]

1. d4 Nf6 2. c4 e6 3. Nc3 Bb4 4. a3 Bxc3+ 5. bxc3 c5 6. f3 Nc6 7. e4 O-O 8. e5
Ne8 9. f4 b6 10. Nf3 Ba6 11. Bd3 f5 12. g4 d5 13. gxf5 Rxf5 14. Bxf5 exf5 15.
Rg1 Bxc4 16. Be3 Qe7 17. Bf2 h6 18. Bh4 Qf7 19. Kf2 Nc7 20. Rg3 Ne6 21. Qd2 cxd4
22. cxd4 Rc8 23. Rag1 Kh7 24. Qe3 Ba6 25. Bf6 gxf6 26. exf6 Re8 27. Qc3 Qxf6 28.
Qxc6 Re7 29. Rg6 Qxg6 30. Rxg6 Kxg6 31. Qd6 Kf6 32. Qe5+ Kg6 33. Nh4+ 1-0

[Event "chess.com SpeedChess 2022"]
[Site "chess.com INT"]
[Date "2022.12.07"]
[Round "1.13"]
[White "Nihal, Sarin"]
[Black "Giri, Anish"]
[Result "1-0"]
[WhiteTitle "GM"]
[BlackTitle "GM"]
[WhiteElo "2670"]
[BlackElo "2764"]
[WhiteFideId "25092340"]
[BlackFideId "24116068"]
[EventDate "2022.11.23"]
[EventType "k.o."]

1. e4 c5 2. Nf3 d6 3. d4 cxd4 4. Nxd4 Nf6 5. Bd3 Nc6 6. Nxc6 bxc6 7. c4 g6 8.
O-O Bg7 9. Nc3 O-O 10. Re1 a5 11. h3 Nd7 12. Be3 Nc5 13. Bc2 Rb8 14. Rb1 Rxb2
15. Rxb2 Bxc3 16. Rb8 Qc7 17. Rb1 Bxe1 18. Qxe1 Be6 19. Qc3 f6 20. e5 fxe5 21.
Bxc5 dxc5 22. Re1 Bf5 23. Bxf5 Rxf5 24. g4 Rf4 25. Rxe5 Qd6 26. Qe3 Rxc4 27.
Rxe7 Qd1+ 28. Kg2 Qd5+ 29. Kg3 Qd6+ 30. Kg2 Qd5+ 31. Kg3 Qd6+ 32. Re5 Rd4 33.
Kg2 Kf7 34. Qb3+ Kf6 35. Re3 Qd5+ 36. Rf3+ Kg7 37. Qb7+ Qd7 38. Qa8 Qe7 39. Qxa5
c4 40. Re3 Re4 41. Qc3+ Kf7 42. Rf3+ Kg8 43. a4 Qc5 44. Qf6 Qe7 45. Qxc6 1-0

[Event "chess.com SpeedChess 2022"]
[Site "chess.com INT"]
[Date "2022.12.07"]
[Round "1.14"]
[White "Giri, Anish"]
[Black "Nihal, Sarin"]
[Result "1-0"]
[WhiteTitle "GM"]
[BlackTitle "GM"]
[WhiteElo "2764"]
[BlackElo "2670"]
[WhiteFideId "24116068"]
[BlackFideId "25092340"]
[EventDate "2022.11.23"]
[EventType "k.o."]

1. e4 e5 2. Nf3 Nc6 3. Bb5 Nge7 4. Nc3 Ng6 5. d4 Nxd4 6. Nxd4 exd4 7. Qxd4 c6 8.
Be2 Qb6 9. Qd3 Be7 10. O-O O-O 11. Kh1 d6 12. a4 Kh8 13. a5 Qc7 14. Be3 f5 15.
exf5 Bxf5 16. Qd2 d5 17. Na4 Bd6 18. Bc5 Bf4 19. Qb4 Rfe8 20. Bd3 Bxd3 21. cxd3
Bxh2 22. g3 Bxg3 23. fxg3 Qxg3 24. Qd2 Re5 25. Bg1 Rae8 26. Bh2 Rh5 27. Nc3 h6
28. Rf2 Ne5 29. Rg1 Qh3 30. Qe2 Re6 31. d4 Nd3 32. Rf8+ Kh7 33. Rf7 Rg5 34. Rxg5
hxg5 35. Rf3 Nf2+ 36. Qxf2 1-0

[Event "chess.com SpeedChess 2022"]
[Site "chess.com INT"]
[Date "2022.12.07"]
[Round "1.15"]
[White "Nihal, Sarin"]
[Black "Giri, Anish"]
[Result "1-0"]
[WhiteTitle "GM"]
[BlackTitle "GM"]
[WhiteElo "2670"]
[BlackElo "2764"]
[WhiteFideId "25092340"]
[BlackFideId "24116068"]
[EventDate "2022.11.23"]
[EventType "k.o."]

1. d4 Nf6 2. c4 g6 3. Nc3 d5 4. Nf3 Bg7 5. e3 O-O 6. Bd2 c5 7. dxc5 Na6 8. cxd5
Nxc5 9. Bc4 a6 10. a4 Bf5 11. O-O Rc8 12. Qe2 Nce4 13. Rfd1 Ng4 14. Nxe4 Bxe4
15. Ng5 Bf5 16. e4 Qc7 17. d6 Qxc4 18. Qxc4 Rxc4 19. dxe7 Re8 20. exf5 Bd4 21.
Bc3 Bxf2+ 22. Kf1 Bb6 23. fxg6 Rf4+ 24. Ke2 Rxe7+ 25. Kd3 hxg6 26. Re1 Rd7+ 27.
Kc2 Ne3+ 28. Kb3 f6 29. g3 Rf5 30. Ne4 Kf7 31. Re2 Ba7 32. Rae1 Ng4 33. Nd6+
Rxd6 34. Re7+ Kg8 35. Re8+ Kg7 36. R1e7+ Kh6 37. Rh8+ Kg5 38. h4# 1-0

[Event "chess.com SpeedChess 2022"]
[Site "chess.com INT"]
[Date "2022.12.07"]
[Round "1.16"]
[White "Giri, Anish"]
[Black "Nihal, Sarin"]
[Result "0-1"]
[WhiteTitle "GM"]
[BlackTitle "GM"]
[WhiteElo "2764"]
[BlackElo "2670"]
[WhiteFideId "24116068"]
[BlackFideId "25092340"]
[EventDate "2022.11.23"]
[EventType "k.o."]

1. e4 c6 2. d4 d5 3. e5 Bf5 4. Nf3 e6 5. Be2 Nd7 6. O-O Bg6 7. c3 Nh6 8. a4 a5
9. Nbd2 f6 10. exf6 Qxf6 11. Nb3 Nf7 12. Be3 Bd6 13. Qd2 O-O 14. Rae1 h6 15. Qd1
b6 16. h3 Rae8 17. Nh2 e5 18. Ng4 Qh4 19. dxe5 Nfxe5 20. Nd4 Be4 21. Nxe5 Nxe5
22. f3 Ng4 23. fxg4 Bxg2 24. Rxf8+ Rxf8 25. Nf5 Rxf5 26. gxf5 Qg3 0-1

[Event "chess.com SpeedChess 2022"]
[Site "chess.com INT"]
[Date "2022.12.07"]
[Round "1.17"]
[White "Nihal, Sarin"]
[Black "Giri, Anish"]
[Result "1/2-1/2"]
[WhiteTitle "GM"]
[BlackTitle "GM"]
[WhiteElo "2670"]
[BlackElo "2764"]
[WhiteFideId "25092340"]
[BlackFideId "24116068"]
[EventDate "2022.11.23"]
[EventType "k.o."]

1. d4 Nf6 2. Nf3 g6 3. Nbd2 d5 4. b3 Bg7 5. Bb2 O-O 6. e3 b6 7. Be2 Bb7 8. O-O
Nbd7 9. c4 c5 10. Rc1 Rc8 11. h3 dxc4 12. Nxc4 Ne4 13. Rc2 Rc7 14. Qa1 Qb8 15.
dxc5 Bxb2 16. Qxb2 Rxc5 17. Rd1 Ndf6 18. Rdc1 Rfc8 19. Ncd2 Qd6 20. Rxc5 Rxc5
21. Nxe4 Bxe4 22. Rxc5 Qxc5 23. Nd2 h5 24. b4 Qc2 25. Qxc2 Bxc2 26. Bc4 1/2-1/2